<?xml version="1.0" encoding="UTF-8"?>
<record
    xmlns:xsi="http://www.w3.org/2001/XMLSchema-instance"
    xsi:schemaLocation="http://www.loc.gov/MARC21/slim http://www.loc.gov/standards/marcxml/schema/MARC21slim.xsd"
    xmlns="http://www.loc.gov/MARC21/slim">

  <leader>00298nam a2200097Ia 4500</leader>
  <controlfield tag="008">190716s9999    xx            000 0 und d</controlfield>
  <datafield tag="082" ind1=" " ind2=" ">
    <subfield code="a">TD-235#</subfield>
  </datafield>
  <datafield tag="100" ind1=" " ind2=" ">
    <subfield code="a">&#x926;&#x932;&#x93E;&#x932;, &#x92E;&#x928;&#x94B;&#x939;&#x930;&#x932;&#x93E;&#x932;</subfield>
  </datafield>
  <datafield tag="245" ind1=" " ind2="0">
    <subfield code="a">&#x92E;&#x93E;&#x932;&#x935;&#x93E; &#x92E;&#x947;&#x902; &#x915;&#x932;&#x93E; &#x924;&#x925;&#x93E; &#x938;&#x94D;&#x925;&#x93E;&#x92A;&#x924;&#x94D;&#x92F;</subfield>
  </datafield>
  <datafield tag="942" ind1=" " ind2=" ">
    <subfield code="c">MF</subfield>
    <subfield code="2">DDC</subfield>
  </datafield>
  <datafield tag="999" ind1=" " ind2=" ">
    <subfield code="c">23967</subfield>
    <subfield code="d">23967</subfield>
  </datafield>
  <datafield tag="952" ind1=" " ind2=" ">
    <subfield code="0">0</subfield>
    <subfield code="4">0</subfield>
    <subfield code="7">0</subfield>
    <subfield code="a">NASSDOC</subfield>
    <subfield code="b">NASSDOC</subfield>
    <subfield code="d">2019-07-16</subfield>
    <subfield code="l">0</subfield>
    <subfield code="p">MF302</subfield>
    <subfield code="r">2019-07-16 00:00:00</subfield>
    <subfield code="w">2019-07-16</subfield>
    <subfield code="y">MF</subfield>
  </datafield>
</record>
